00337nam a2200133Ia 4500008004100000020001500041041001200056082001600068100001700084245005500101260002500156300000800181650001400189221030s9999 xx 000 0 und d a0071164898 aEnglish a105.23bBal aD. K. Linder 0aIntroduction to Signals & Systemscby D. K. Linder bTMHaNew Delhic2006 a969 aComputers